[Event "RUS Cup final 5th"]
[Site "Kazan"]
[Date "2001.10.02"]
[Round "1"]
[White "Vaulin, Alexander"]
[Black "Kharlov, Andrei"]
[Result "1/2-1/2"]
[WhiteElo "2545"]
[BlackElo "2656"]
[PlyCount "56"]
[EventDate "2001.10.02"]
[EventType "tourn"]
[EventRounds "11"]
[EventCountry "RUS"]
[EventCategory "12"]
[SourceTitle "CBM 086"]
[Source "ChessBase"]
[SourceDate "2002.02.05"]
[SourceVersion "1"]
[SourceVersionDate "2002.02.05"]
[SourceQuality "1"]

1. d4 d5 2. Nf3 Nf6 3. c4 c6 4. Nc3 e6 5. cxd5 exd5 6. Bg5 Bf5 7. e3 Nbd7 8.
Bd3 Bxd3 9. Qxd3 Bd6 10. O-O O-O 11. Rab1 a5 12. Rfe1 h6 13. Bh4 Qc7 14. Rbc1
Rfe8 15. Bxf6 Nxf6 16. Nb5 Qe7 17. Nxd6 Qxd6 18. Ne5 Nd7 19. Nxd7 Qxd7 20. Qb3
Re6 21. Rc5 Rg6 22. g3 h5 23. e4 Re6 24. e5 h4 25. g4 a4 26. Qe3 b6 27. Rc2 c5
28. h3 Rc6 1/2-1/2

[Event "RUS Cup final 5th"]
[Site "Kazan"]
[Date "2001.10.04"]
[Round "3"]
[White "Burmakin, Vladimir"]
[Black "Kharlov, Andrei"]
[Result "0-1"]
[WhiteElo "2593"]
[BlackElo "2656"]
[Annotator "Huzman"]
[PlyCount "94"]
[EventDate "2001.10.02"]
[EventType "tourn"]
[EventRounds "11"]
[EventCountry "RUS"]
[EventCategory "12"]
[SourceTitle "CBM 086"]
[Source "ChessBase"]
[SourceDate "2002.02.05"]
[SourceVersion "1"]
[SourceVersionDate "2002.02.05"]
[SourceQuality "1"]

1. d4 d5 2. Nf3 Nf6 3. c4 dxc4 4. e3 e6 5. Bxc4 c5 6. O-O a6 7. Qe2 b5 8. Bb3
Bb7 9. Rd1 Nbd7 10. a4 Qb8 11. Bc2 cxd4 (11... Bd6 12. axb5 axb5 13. Rxa8 Bxa8
14. Nc3 Bxf3 15. gxf3 cxd4 16. Rxd4 Bxh2+ 17. Kg2 Be5 18. Rb4 O-O 19. Rxb5 Qc7
$11 {1/2-1/2 Pirttimaki,T-Kivistoe Mikko/Jarvenpaa 1986 (27)}) 12. Nxd4 b4 13.
Nd2 Bd6 14. h3 (14. g3 h5 15. Nc4 Bc7 16. f3 g5 17. e4 g4 18. Bg5 Rg8 19. f4
Qa7 20. Kf1 Kf8 21. Rac1 Kg7 22. e5 Nd5 23. h3 $16 {1-0 Evans,L-Sherwin,J/New
York 1962/MCD (36)}) 14... a5 15. Nc4 Bh2+ 16. Kh1 O-O {Black can even play
with B on h2 because of pin from the second Bb7!} 17. Nb3 Bc7 18. e4 {White
are blocking Bb7 and preparing development of Bc1.} Ne5 19. Nxe5 (19. Nc5 Rc8 (
19... Bc6 20. Na6 $5 (20. Bb3 Nxc4 21. Bxc4 Bb6 22. Be3 $11) 20... Rxa6 21.
Nxe5 Bb7 22. Bd3 $11) 20. Nxe5 Bxe5 21. Nxb7 Qxb7 22. Bd3 Nd7 $15) 19... Bxe5
20. Bd3 Rc8 $15 {/-/+ White has problem with development Bc1} 21. Nd2 {[%csl
Rd4]} (21. Bg5 h6 22. Bh4 g5 $17) (21. Rb1 Bc6 {[%csl Ra4]}) 21... Rd8 22. Re1
Bd4 23. Nb3 (23. e5 Bxe5 24. Bxh7+ Kxh7 25. Qxe5 Qxe5 26. Rxe5 Rac8 $17) 23...
Qa7 $1 (23... Bxf2 $2 24. Qxf2 Rxd3 25. Nc5 Rd8 26. Bg5 $40) 24. Be3 (24. Nxd4
Qxd4 25. Bc2 Rac8 (25... b3 26. Bxb3 Nxe4 27. Be3 Qb4 28. Qb5 $11) 26. Rd1 Qe5
$36) 24... Bxe3 25. Qxe3 Qxe3 26. Rxe3 Bc6 {[%csl Ra4]} 27. f3 Nd7 28. Nd4 $2 {
[%mdl 8192]} (28. Kg1 Nb6 (28... Ne5 $5 29. Be2 g5 $15) 29. Nc5 Rac8 30. Kf2
$15) 28... Bxa4 $1 $19 29. Bb5 e5 $1 (29... Bxb5 30. Nxb5 Nc5 $19) 30. Bxa4
exd4 31. Ree1 Nc5 32. Bc6 Rac8 33. Bd5 Nd3 $1 34. Reb1 (34. Re2 Nf4 $19) 34...
Rc5 35. b3 h5 36. Kg1 Nf4 37. Bc4 h4 $1 {Kharlov plays the game in the best
classical way.} 38. Ra2 d3 39. Kf1 Ne2 {[%cal Ye2c3]} 40. Rd2 a4 $1 41. Rxd3
Rxd3 42. Bxd3 Nf4 43. Bc4 a3 {/\44...Rc4!} 44. Ra1 Rg5 $1 45. Rd1 Rxg2 46. Rd8+
Kh7 47. Bxf7 a2 0-1

[Event "RUS Cup final 5th"]
[Site "Kazan"]
[Date "2001.10.05"]
[Round "4"]
[White "Kurnosov, Igor"]
[Black "Kharlov, Andrei"]
[Result "1/2-1/2"]
[WhiteElo "2361"]
[BlackElo "2656"]
[PlyCount "68"]
[EventDate "2001.10.02"]
[EventType "tourn"]
[EventRounds "11"]
[EventCountry "RUS"]
[EventCategory "12"]
[SourceTitle "CBM 086"]
[Source "ChessBase"]
[SourceDate "2002.02.05"]
[SourceVersion "1"]
[SourceVersionDate "2002.02.05"]
[SourceQuality "1"]

1. e4 c5 2. Nf3 Nc6 3. d4 cxd4 4. Nxd4 Nf6 5. Nc3 d6 6. Bg5 e6 7. Qd2 Be7 8.
O-O-O O-O 9. f4 Nxd4 10. Qxd4 Qa5 11. Bc4 Bd7 12. e5 dxe5 13. Qxe5 Qb6 14. f5
Rac8 15. Rd4 Rfe8 16. fxe6 Bxe6 17. Bxe6 fxe6 18. Bh4 Rc5 19. Qe2 Qc6 20. Rd3
Nd5 21. Nxd5 Bxh4 22. Nc3 Rc4 23. Rd6 Qxd6 24. Qxc4 Bg5+ 25. Kb1 Qe5 26. Qe4
Bf6 27. g3 Qc5 28. Qa4 b5 29. Ne4 Qf5 30. Nxf6+ gxf6 31. Qd4 Re7 32. Rd1 Kf7
33. b3 a5 34. Rd2 Qf1+ 1/2-1/2

[Event "RUS Cup final 5th"]
[Site "Kazan"]
[Date "2001.10.07"]
[Round "6"]
[White "Timofeev, Artyom"]
[Black "Kharlov, Andrei"]
[Result "1-0"]
[WhiteElo "2521"]
[BlackElo "2656"]
[PlyCount "74"]
[EventDate "2001.10.02"]
[EventType "tourn"]
[EventRounds "11"]
[EventCountry "RUS"]
[EventCategory "12"]
[SourceTitle "CBM 086"]
[Source "ChessBase"]
[SourceDate "2002.02.05"]
[SourceVersion "1"]
[SourceVersionDate "2002.02.05"]
[SourceQuality "1"]

1. c4 e5 2. Nc3 Nc6 3. g3 f5 4. Bg2 Nf6 5. e3 g6 6. Nge2 Bg7 7. d3 d6 8. Rb1 a5
9. a3 O-O 10. b4 axb4 11. axb4 Ne7 12. O-O g5 13. f4 gxf4 14. exf4 c6 15. Kh1
Be6 16. Be3 Ng4 17. Bg1 Rf6 18. b5 Rh6 19. bxc6 bxc6 20. Qd2 e4 21. dxe4 Bxc4
22. Bf3 Qa5 23. Ra1 Qxa1 24. Rxa1 Rxa1 25. Kg2 Rxg1+ 26. Kxg1 Nxh2 27. Bg2 fxe4
28. Nxe4 Bxe2 29. Qxe2 Bd4+ 30. Nf2 Kf8 31. Be4 d5 32. Bc2 Ng8 33. Bf5 Nf6 34.
Kg2 Bxf2 35. Qxf2 Rh5 36. Qc5+ Kf7 37. Qa7+ Ke8 1-0

[Event "RUS Cup final 5th"]
[Site "Kazan"]
[Date "2001.10.10"]
[Round "9"]
[White "Kharlov, Andrei"]
[Black "Galliamova, Alisa"]
[Result "1-0"]
[WhiteElo "2656"]
[BlackElo "2547"]
[Annotator "Lukacs"]
[PlyCount "83"]
[EventDate "2001.10.02"]
[EventType "tourn"]
[EventRounds "11"]
[EventCountry "RUS"]
[EventCategory "12"]
[SourceTitle "CBM 086"]
[Source "ChessBase"]
[SourceDate "2002.02.05"]
[SourceVersion "1"]
[SourceVersionDate "2002.02.05"]
[SourceQuality "1"]

1. e4 c6 2. d4 d5 3. e5 Bf5 4. Nf3 {This is the quiet positional approach.} e6
5. c3 (5. Be2 c5 6. Be3 {- Ni Hua-Wu Shaobin, Zhong Hong Estate Cup Belling
2001 CBM 85}) 5... c5 6. Be3 cxd4 $5 (6... Qb6 7. Na3 $142 (7. Qa4+ Nc6 8. Bb5
Rc8 {and White cannot make profit from the pin on the a4-e8 /^.} 9. Nbd2 a6 10.
Bxc6+ Qxc6 11. Qxc6+ Rxc6 12. dxc5 Bxc5 13. Bxc5 {1/2:1/2 Torre-Lalic, 1994})
7... c4 (7... Qxb2 $5 {is too greedy:} 8. Nb5 Na6 9. dxc5 (9. Nh4 Be4) 9... Rd8
10. Nd6+ Bxd6 11. cxd6 Bc2 12. Qc1 $16) (7... cxd4 8. Bb5+ $1 Nd7 9. Nxd4 $14 {
securing the control over the vital d4 square.}) 8. Qa4+ Nc6 (8... Nd7 9. O-O-O
$14) 9. b3 {White has to blow up Black's P chain in order to exploit the
thrength of his better developed pieces.} Qa5 10. Qxa5 Nxa5 11. Nb5 Kd7 12.
bxc4 Nxc4 13. Bxc4 dxc4 14. d5 $1 {This breakthrough is the point of White's
setup.} exd5 15. Rd1 Be6 16. Nxa7 Nh6 17. Rb1 Rb8 18. O-O Nf5 19. Bb6 h5 20.
Rfd1 Rh6 21. a4 Be7 22. a5 g5 23. Nd2 $16 {Tkachiev-Adianto, Jakarta 1994}) (
6... c4 {is again met by} 7. b3 {fighting for space on the <<.} cxb3 8. axb3
Nc6 9. Be2 Nge7 10. O-O h6 11. b4 {White has some pressure on the <<, since
the f5 B cannot defend the weak squares there.} a6 12. Nbd2 b5 {Now >< a6
becomes a target.} 13. Nb3 {>< c5} Qb8 14. Ra3 Ra7 15. Qa1 Qb6 16. Qa2 Nb8 17.
Ne1 {/\ Nd3 bringing the last remaining pieces to the <<.} Nec6 18. Nd3 Bxd3
19. Bxd3 $16 {Torre-Long, Asia-chT Kuala Lumpur 1993}) 7. Nxd4 {The control of
the key square d4 is of high importance.} Ne7 (7... Bg6 8. Nd2 ({Or} 8. Bb5+
Nd7 9. f4 a6 10. Be2) 8... Nd7 9. N2f3 $14) 8. Nd2 Nbc6 9. f4 (9. N2f3 {
allows Black to exchange his light-squared B.} Bg4 10. Qa4 Bxf3 11. Nxf3 Nf5
$11) 9... Nxd4 10. cxd4 (10. Bxd4 Nc6 $11 {and White cannot hold >< d4 for
long with pieces.}) 10... Nc6 11. Be2 (11. Bb5 Rc8) 11... Qb6 $1 (11... Be7 12.
O-O O-O (12... Rc8 13. g4) 13. g4) 12. g4 $5 (12. O-O $2 Qxb2 $17) 12... Bg6 {
This allows White's original plan with 0-0 followed by f5.} (12... Be4 $142 $5
{deserved serious attention activating the problematic B.} 13. O-O (13. Nxe4
dxe4 14. Qc2 Bb4+ 15. Kf1 Nxd4 16. Bxd4 (16. Qa4+ Qc6 17. Bd1 Qxa4 18. Bxa4+ b5
$11) 16... Qxd4 17. Rd1 Qb6 18. Qxe4 O-O 19. Bd3 g6 20. h4 Rad8 $11) 13... h5
$5 {trying to destroy White's P shelter on the >>.} (13... Rd8 14. Nb3 {
White wants to ignore the strong e4 B and continue his standard plan on the <<
.} Be7 15. a4 (15. f5 $2 exf5 16. gxf5 Nxe5 $1 $17) 15... O-O 16. a5 Qc7 17.
Rc1) 14. Nxe4 dxe4 15. g5 (15. Qc2 Rd8) 15... Rd8 $1 $13) 13. O-O h6 (13...
Qxb2 {gets not enough pawns for the piece.} 14. f5 Qc3 15. Qb3 Nxd4 16. Bb5+
Nxb5 17. Qxb5+ Qc6 18. Qxc6+ bxc6 19. fxg6 hxg6 20. Rac1 $16) (13... f5 14.
exf6 gxf6 15. f5 $1 exf5 16. gxf5 Bf7 17. Bh5 Rg8+ 18. Kh1 Qc7 19. Re1 $44) 14.
f5 Bh7 {Now the B is completely out of play.} 15. Rf3 Be7 (15... h5 $5 16. h3 {
White wants to keep the B closed.} (16. fxe6 {allows Black to fight with his B
again.} fxe6 17. Nb3 hxg4 18. Rg3 Bf5 19. Bxg4 g6) 16... hxg4 17. hxg4 exf5 (
17... Rc8 18. Nb3) 18. gxf5 Rc8 19. Nb3 a5 20. a4) 16. Nb3 $14 f6 $5 {Black is
looking for active counterplay, otherwise he will be pushed to the wall.} (
16... O-O-O 17. Rc1 Rdf8 (17... Kb8 18. fxe6 {followed by the penetration on
the 7-th rank.} fxe6 19. Rf7 $16) 18. Bd3 (18. f6 gxf6 19. exf6 Bd6) 18... Kb8
19. Nc5 Bxc5 20. Rxc5 Qxb2 21. Rf2 $16 {and White has the better chances on
both wings.}) 17. exf6 (17. fxe6 O-O 18. exf6 Bxf6 {- 17.exf6}) 17... Bxf6 18.
fxe6 O-O 19. Bd3 $6 ({missing} 19. Qd2 $1 {after which White doesn't want to
give back his e P without a fight.} Be4 (19... Rae8 20. Nc5) 20. Rf2 $16) 19...
Bxd3 20. Qxd3 Nb4 {Now the e6 P will fall soon or later.} (20... Rae8 21. Nc5
$16) 21. Qd2 (21. Qg6 Qxe6 22. Bxh6 $4 Bxd4+ $19) 21... Qxe6 $5 (21... Be7 $1
$13 {was simpler!}) 22. Nc5 (22. Qxb4 {is met by the nice tactical blow} Bg5 $1
{and suddenly the perpetual check is not easy to avoid.} 23. Bxg5 (23. Rxf8+
Rxf8 24. Bxg5 Qxg4+ $19) 23... Rxf3 24. Bh4 Qe3+ 25. Kh1 Qe4 $11) 22... Qxg4+
23. Rg3 Qh4 $1 24. Qxb4 Be5 $1 {This is another nice motif using the pin on
the fourth rank.} 25. Qe1 (25. Rg2 Bxh2+ 26. Rxh2 Qg3+ 27. Rg2 Qxe3+ $11 {
and draw with perpetual.}) 25... Bxg3 26. Qxg3 Qh5 $1 (26... Qxg3+ 27. hxg3 {
gives a slight edge for White in the _|_.} Rae8 28. Re1 Rf3 29. Bf2 Rxe1+ 30.
Bxe1 b6 31. Kg2 Rf7 (31... Re3 32. Bf2 Re2 33. Nd3 Rd2 34. Kf1 $1 $16) 32. Nd3
$14) 27. Ne6 Rf7 28. Nf4 Qf5 29. Qg6 $5 (29. Ng6 $14) 29... Qd7 {Black doesn't
want to exhange queens, because the white K is more vulnerable than his
colleague.} (29... Re8 30. Qxf5 Rxf5 31. Ng2 g5 $14) 30. Nd3 Rf6 (30... Qh3 $5
31. Re1 Rf6 32. Qg3 $14) 31. Qg2 Qf5 32. Ne5 Rc8 {Black's heavy artillery is
very active.} (32... Rd8 33. Rc1) 33. Re1 (33. Qxd5+ $2 Kh7 34. Qxb7 Rc2 $132)
33... Kh7 34. a3 (34. Qxd5 Rc2 $132) 34... Rc2 35. Re2 Rc3 $2 {[%mdl 8192]} ({
missing the witty} 35... Qh5 $3 36. Bd2 Rxb2 $17) 36. h3 $1 {avoiding the back
rank motifs.} Rcc6 (36... Rc8 37. Rf2 Qb1+ 38. Kh2 Rxf2 39. Bxf2 Qf5 {was
clearly better.}) 37. Kh2 (37. Nxc6 $5 Rg6 38. Ne5 Qb1+ 39. Kh2 Rxg2+ 40. Rxg2
$16 {and White has too many pieces for the Q.}) 37... Rb6 $2 {This loses
outright.} (37... Rcd6 38. Rc2 $16) 38. Qxd5 $18 Qb1 39. Qg2 Rbe6 40. Rc2 Rxe5
41. dxe5 Rg6 42. Qe4 1-0

[Event "Metalska Trgovina CC 90"]
[Site "Ljubljana"]
[Date "2002.01.22"]
[Round "4"]
[White "Kharlov, Andrei"]
[Black "Podlesnik, Bogdan"]
[Result "1-0"]
[WhiteElo "2638"]
[BlackElo "2397"]
[Annotator "Golod,V"]
[PlyCount "49"]
[EventDate "2002.01.19"]
[EventType "tourn"]
[EventRounds "11"]
[EventCountry "SLO"]
[EventCategory "11"]
[SourceTitle "CBM 088"]
[Source "ChessBase"]
[SourceDate "2002.03.21"]
[SourceVersion "1"]
[SourceVersionDate "2002.03.21"]
[SourceQuality "1"]

1. d4 Nf6 2. c4 e6 3. Nc3 Bb4 4. Qc2 O-O 5. a3 Bxc3+ 6. Qxc3 b6 7. Bg5 Bb7 8.
e3 h6 $5 (8... d6 $5 {See comments to Seirawan,Y-Gelfand,B/Istanbul,2000/CBM80
(1/2-1/2)(Golod,V)(67)}) (8... c5 $5 {See comments to Gershon,A-Aleksandrov,A/
Ohrid,2001/CBM 84(1/2-1/2)(Golod,V)(21)}) 9. Bh4 d6 ({Interestingly:} 9... d5
$5 10. cxd5 $140 Bxd5 {See comments to Pedersen,S-Gormally,D/London,1997/CBM
62(1-0)(Tsesarsky,I)(42)}) 10. Nf3 $5 ({Is a possible continuation of the play:
} 10. f3 Nbd7 11. Nh3 $5 {You can see comments to: Kasparov,G-Karpov,A/
Frankfurt,1999/CBM 72(1-0)(Golod,V)(43)} (11. Bd3 $5 {See comments to Polgar,
Z-Hracek,Z/Brno 1993/CBM 37(1-0)(Hansen,Cu)(30)})) 10... Nbd7 11. Nd2 ({
Repeatedly was checked in the previous games:} 11. Bd3) (11. Be2) ({and} 11. b4
) 11... c5 ({Also it deserves attention:} 11... Qe8 $5 {[%csl Rd8][%cal Gd8e8,
Gc7c5]} 12. f3 c5 13. Be2 (13. dxc5 $5) 13... Rc8 14. dxc5 Rxc5 15. b4 Rc8 16.
O-O e5 17. Rfd1 $11 {Gershon,A-Pinter,J/Baden,2000(0-1)(72)}) ({and} 11... Rc8
$5 {[%csl Yc8][%cal Gc7c5] See comments to Kharlov,A-Kiselev,S/Vladivostok,
1994/CBM 43ext (1-0)(Chekhov,V)(38)}) 12. dxc5 {In my opinion,this move better,
than:} (12. Bd3 cxd4 13. Qxd4 Qc7 14. O-O Rac8 (14... e5 $5) 15. b4 d5 16. Rfc1
Qe5 17. Bxf6 (17. c5 $5) 17... Qxf6 18. cxd5 Qxd4 19. exd4 Bxd5 20. Ba6 Ra8 21.
Rc7 Nf6 22. Nf1 Rfd8 23. Rd1 Ne8 $11 {Barlov,D-Hulak,K/Zagreb,1987(1/2-1/2)(61)
}) ({or} 12. f3 Qc7 (12... Rc8 $5) 13. Bd3 cxd4 14. exd4 d5 15. Bg3 Qc6 16. b3
Rac8 17. Qb2 Nh5 18. Kf2 f5 $132 {Tchaitchits,V-Mikhalev,A/Logrono,1998(1/2-1/
2)(55)}) 12... dxc5 $6 $146 (12... Nxc5 $142 13. b4 Ncd7 14. f3 Re8 15. Qb2 Ne5
16. Be2 Ng6 17. Bg3 e5 18. O-O d5 19. Rfd1 Qe7 20. cxd5 Nxd5 21. Bf2 {+/=/=
Lutz,C-Karpov,A/Baden-Baden,1992(1/2-1/2)(34)}) (12... bxc5 $5 13. f3 {/\Be3
(Bd3),0-0 with positional advantage of white.}) 13. Bd3 $14 {[%csl Yd3][%cal
Yd3h7,Yd3b1] Now the white's bishop is on ideal place(diagonal b1-h7).} Qe7 ({
Pretty dubiously:} 13... Bxg2 {because of:} 14. Rg1 Bc6 15. O-O-O {[%cal Gf2f4]
} e5 16. Rg3 $40 {[%cal Gd1g1]}) 14. O-O-O a6 $6 ({Now,already,very weakly:} 
14... Bxg2 $2 {in view of:} 15. Rhg1 Bc6 16. Ne4 $1 {[%csl Rg8]} e5 (16... Bxe4
$2 17. Bxe4 Rad8 18. Rxd7 Qxd7 19. Bxf6 g6 20. Qc2 $18 {[%csl Rg8][%cal Ge4g6]}
) 17. Nd6 {[%csl Re7,Rg7][%cal Gd6f5]} Qe6 18. Nf5 g6 19. Nxh6+ $16) ({Can be
recommended:} 14... Rfe8 $5 {[%csl Rc3,Ye8,Rh4][%cal Gf6d5,Ye8e7]}) 15. f4 $1 {
/\Rhg1,g4-g5} Rfe8 {[%csl Re7][%cal Ye8e7,Gf6d5] Now this move considerably
loses in force, as white had time to make correct rearrangement of pieces:(Pf4,
Nf3).} (15... b5 $142) 16. Nf3 {[%csl Yf3][%cal Yf3h4]} Qf8 $6 ({Loses right
away:} 16... Bxf3 $6 17. gxf3 $140 Nd5 $2 {because of:} 18. Bh7+ $1 Kh8 (18...
Kxh7 19. Qd3+ {[%csl Re7,Rh7]}) 19. Bxe7 Nxc3 20. Rxd7 Ne2+ 21. Kd2 $18) (16...
e5 $2 17. Bf5 {[%csl Rd7,Gf5,Rf6,Yh4][%cal Gf5d7,Yh4f6]}) ({Again deserves
attention:} 16... b5) 17. Bc2 $16 b5 $2 {[%mdl 8192]} (17... Red8 18. Ne5 $16)
(17... Bc6 18. e4 $16 {[%csl Rd7]}) {[%tqu "En","?White can win some material
after one good move.","It is necessary to use a weakness of the black king!",
"","d1d7","",5]} 18. Rxd7 $1 {[%mdl 64]} b4 (18... Nxd7 19. Qd3 {[%csl Rd7,Rg8]
[%cal Gd3h7,Gd3d7]}) 19. Qd2 ({It was a little better:} 19. Qd3 Be4 20. Qd6
Nxd7 (20... Bxc2 $2 21. Bxf6 Ba4 22. Be7 {[%csl Rf8]}) 21. Qxf8+ Nxf8 22. Bxe4
$18 {[%csl Ge4,Yh4]}) 19... Nxd7 20. Qxd7 $18 Rab8 21. Rd1 {<->d;()} bxa3 22.
bxa3 Bxf3 ({Also loses:} 22... f6 23. Qd3 f5 24. Ne5 Be4 25. Qd6 $18) 23. gxf3
{[%csl Rf8][%cal Gd7d6]} g5 $2 {The next tactical blunder!} 24. fxg5 Red8 (
24... Qg7 $142 {[%csl Rc1][%cal Gg7b2]} 25. g6 $1 f5 (25... Qb2+ 26. Kd2 fxg6
27. Rg1 g5 28. Bxg5 hxg5 29. Rxg5+ Kf8 30. Qh7 {[%csl Rf8,Yh7][%cal Gg5g8,
Yh7c2]} Red8+ 31. Ke2) 26. Qxg7+ Kxg7 27. Rg1 $18 {[%cal Ge3e4]}) {[%tqu "En",
"?Please enter a move for white.","","","g5h6","",5,"g5h6","",0]} 25. gxh6 $1 {
[%mdl 64] After this move black resigns,because of next variants:} (25. gxh6 {
[%csl Rd8,Rg8]} Qxh6 (25... Rxd7 $143 26. Rg1+ Qg7 (26... Kh8 27. Bf6+ Qg7 28.
Bxg7+ Kg8 29. h7#) 27. Rxg7+ Kf8 28. Bf6 {[%cal Gh6h7,Gh7h8]}) 26. Bxd8 Qxe3+
27. Rd2 Qxa3+ 28. Kd1 Qxf3+ 29. Re2 Qf1+ (29... Rb2 30. Qd2 $18) 30. Kd2 Qf4+
31. Ke1 Qc1+ 32. Kf2 Qf4+ 33. Kg1 Qc1+ 34. Bd1 {[%csl Rg8][%cal Ge2g2]}) 1-0